Silver in America, 1840-1940 (Record no. 727)

MARC details
000 -CABECERA
campo de control de longitud fija 00977nam a2200229 a 4500
001 - NÚMERO DE CONTROL
campo de control BRCA_832
005 - FECHA Y HORA DE LA ÚLTIMA TRANSACCIÓN
campo de control 20190320203153.0
008 - DATOS DE LONGITUD FIJA--INFORMACIÓN GENERAL
campo de control de longitud fija 940426s1995 txua---##b---#001-0#eng-#
020 ## - NÚMERO INTERNACIONAL ESTÁNDAR DEL LIBRO
Número Internacional Estándar del Libro 0810931990
040 ## - FUENTE DE LA CATALOGACIÓN
Centro catalogador/agencia de origen DLC
Centro/agencia transcriptor DLC
Centro/agencia modificador DLC
050 #4 - SIGNATURA TOPOGRÁFICA DE LA BIBLIOTECA DEL CONGRESO
Número de clasificación NK7234
Número de documento/Ítem .V46 1995
100 1# - ENTRADA PRINCIPAL--NOMBRE DE PERSONA
Nombre de persona Venable, Charles Lane
Fechas asociadas al nombre 1960-?
9 (RLIN) 2767
245 10 - MENCIÓN DE TÍTULO
Título Silver in America, 1840-1940
Resto del título A Century of Splendor
Mención de responsabilidad, etc. Charles L. Venable ; Tom Jenkins lead photographer ; biographical entries by D. Albert Soeffing.
260 ## - PUBLICACIÓN, DISTRIBUCIÓN, ETC.
Lugar de publicación, distribución, etc. [Dallas, Texas]
Nombre del editor, distribuidor, etc. Dallas Museum of Art
Fecha de publicación, distribución, etc. 1995
300 ## - DESCRIPCIÓN FÍSICA
Extensión 365 p.
Otras características físicas il. (algunas a color)
Dimensiones 31 cm.
500 ## - NOTA GENERAL
Nota general Incluye índice alfabético, glosario y lista de ilustraciones
500 ## - NOTA GENERAL
Nota general Catálogo de la exposición realizada en Dallas Museum of Art [Dallas, Texas], 6 noviembre, 1994 - 29 enero, 1995
504 ## - NOTA DE BIBLIOGRAFÍA, ETC.
Nota de bibliografía, etc. Bibliografía : p. 301-311
650 14 - PUNTO DE ACCESO ADICIONAL DE MATERIA--TÉRMINO DE MATERIA
Término de materia o nombre geográfico como elemento de entrada Trabajo en plata
Subdivisión general Historia
Subdivisión cronológica Siglos XIX y XX
Subdivisión geográfica Estados Unidos
9 (RLIN) 2768
710 2# - PUNTO DE ACCESO ADICIONAL--NOMBRE DE ENTIDAD CORPORATIVA
Nombre de entidad corporativa o nombre de jurisdicción como elemento de entrada Dallas Museum of Art
9 (RLIN) 2769
942 ## - ELEMENTOS DE PUNTO DE ACCESO ADICIONAL (KOHA)
Fuente del sistema de clasificación o colocación Library of Congress Classification
Tipo de ítem Koha Libros
Holdings
Estado de retiro Estado de pérdida Estado dañado No para préstamo Localización permanente Ubicación/localización actual Fecha de adquisición Total de préstamos Signatura topográfica completa Código de barras Fecha visto por última vez Precio válido a partir de Tipo de ítem Koha
El ejemplar forma parte de la colección y puede ser consultado según las políticas vigentes.       Biblioteca del Museo Franz Mayer (Rogerio Casas-Alatriste) Biblioteca del Museo Franz Mayer (Rogerio Casas-Alatriste) 26/06/2008   NK7234 .V46 1995 01303 22/03/2019 22/03/2019 Libros